All 50k+ cities in Indiana on a map - Statistics

General Stats
  • This quiz has been taken 353 times
  • The average score is 14 of 21
Answers on the Map
Answers color-coded by a green-red scale on the quiz's map according to % correct below.
 
Answer Stats
Hint Answer % Correct
882,039 Indianapolis
100%
265,974 Fort Wayne
96%
68,325 Gary
93%
103,353 South Bend
93%
116,486 Evansville
92%
79,968 Bloomington
80%
100,777 Carmel
79%
58,525 Terre Haute
75%
101,171 Fishers
72%
70,835 Lafayette
71%
65,292 Muncie
69%
76,984 Hammond
68%
59,691 Kokomo
67%
54,817 Anderson
57%
53,949 Elkhart
57%
64,918 Greenwood
44%
51,074 Mishawaka
44%
70,926 Noblesville
44%
50,569 Columbus
41%
50,315 Jeffersonville
41%
50,630 Westfield
29%
No matching quizzes found
Score Distribution
Percent of People with Each Score
Percentile by Number Answered
Your Score History
You have not taken this quiz